Не стреляйте в белых лебедей. В списках не значился: романы

Bibliographische Detailangaben
1. Verfasser: Васильев Б. Л. Борис Львович
Zusammenfassung:Исключено из фонда НТБ ТПУ
Sprache:Russisch
Veröffentlicht: Москва, Советский писатель, 1975
Format: MixedMaterials Buch
KOHA link:https://koha.lib.tpu.ru/cgi-bin/koha/opac-detail.pl?biblionumber=73951

MARC

LEADER 00000nam0a2200000 4500
001 73951
005 20231031084827.0
035 |a (RuTPU)RU\TPU\book\78884 
090 |a 73951 
100 |a 20050224d1975 m y0rusy50 ca 
101 0 |a rus 
102 |a RU 
105 |a a z 000ay 
200 1 |a Не стреляйте в белых лебедей. В списках не значился  |e романы  |f Б. Л. Васильев 
210 |a Москва  |c Советский писатель  |d 1975 
215 |a 391 с.  |c ил. 
333 |a Исключено из фонда НТБ ТПУ 
516 1 |a В списках не значился 
700 1 |a Васильев  |b Б. Л.  |g Борис Львович 
801 1 |a RU  |b 63413507  |c 20050224  |g PSBO 
801 2 |a RU  |b 63413507  |c 20110208  |g PSBO 
942 |c BK